Verejný priestor Schindlerova archa, Brněnec
Salvato in:
| Autore principale: | |
|---|---|
| Altri autori: | |
| Natura: | Manoscritto Libro |
| Lingua: | slovacco |
| Pubblicazione: |
2024
|
| Soggetti: | |
| Accesso online: | http://is.stuba.sk/zp/portal_zp.pl?podrobnosti=161906 |
| Tags: |
Nessun Tag, puoi essere il primo ad aggiungerne!!
|
MARC
| LEADER | 00000ntm a22000003a 4500 | ||
|---|---|---|---|
| 001 | stuzp99789 | ||
| 003 | SK-STU | ||
| 005 | 20240615211601.8 | ||
| 007 | ta | ||
| 008 | 150427s2015----xo-----f-mn---000-0-slo-d | ||
| 040 | |a STU |b slo | ||
| 041 | 0 | |a slo | |
| 100 | 1 | |a Mitríková, Nikoleta |u 056160 |4 aut |U FAD Fakulta architektúry a dizajnu |T FAD Ústav urbanizmu a územného plánovania |X 110166 |U A6160 |Y 397 |7 110166 | |
| 242 | 0 | 1 | |a Schindler´s Ark Public Space, Brněnec |y eng |
| 245 | 1 | 0 | |a Verejný priestor Schindlerova archa, Brněnec |
| 260 | |c 2024 | ||
| 650 | 4 | |a stošesťdesiatšesť metrov |2 slo | |
| 650 | 4 | |a námestie |2 slo | |
| 650 | 4 | |a nábrežie |2 slo | |
| 650 | 4 | |a židovský ľud |2 slo | |
| 650 | 4 | |a múzeum |2 slo | |
| 650 | 4 | |a verejný priestor |2 slo | |
| 650 | 4 | |a textilná továreň |2 slo | |
| 650 | 4 | |a história |2 slo | |
| 650 | 4 | |a symbolika |2 slo | |
| 650 | 4 | |a návštevníci |2 slo | |
| 650 | 4 | |a stena |2 slo | |
| 650 | 4 | |a park |2 slo | |
| 650 | 4 | |a textile factory |2 eng | |
| 650 | 4 | |a symbolism |2 eng | |
| 650 | 4 | |a visitors |2 eng | |
| 650 | 4 | |a wall |2 eng | |
| 650 | 4 | |a one hundred sixty-six meters |2 eng | |
| 650 | 4 | |a square |2 eng | |
| 650 | 4 | |a park |2 eng | |
| 650 | 4 | |a waterfront |2 eng | |
| 650 | 4 | |a public space |2 eng | |
| 650 | 4 | |a history |2 eng | |
| 650 | 4 | |a Jewish people |2 eng | |
| 650 | 4 | |a museum |2 eng | |
| 700 | 1 | |a Hanáček, Tomáš |4 ths |X 23660 |7 A000023660 | |
| 856 | 4 | |u http://is.stuba.sk/zp/portal_zp.pl?podrobnosti=161906 | |